<?xml version="1.0" encoding="UTF-8"?>
<collection xmlns="http://www.loc.gov/MARC21/slim">
 <record>
  <leader>08602nam a2200529 a 4500</leader>
  <controlfield tag="001">kal1009</controlfield>
  <controlfield tag="003">Gr-AtHEAL</controlfield>
  <controlfield tag="005">20160427081659.0</controlfield>
  <controlfield tag="006">m        d        </controlfield>
  <controlfield tag="008">160413s2015    gr      s           gre|c</controlfield>
  <datafield tag="020" ind1=" " ind2=" ">
   <subfield code="a">9789606031076</subfield>
  </datafield>
  <datafield tag="040" ind1=" " ind2=" ">
   <subfield code="a">GR-AtHEAL</subfield>
   <subfield code="b">gre</subfield>
   <subfield code="c">GR-AtHEAL</subfield>
  </datafield>
  <datafield tag="082" ind1="0" ind2="4">
   <subfield code="a">628</subfield>
   <subfield code="2">23</subfield>
  </datafield>
  <datafield tag="100" ind1="1" ind2=" ">
   <subfield code="a">Μουσιόπουλος, Νικόλαος.</subfield>
   <subfield code="8">116</subfield>
  </datafield>
  <datafield tag="245" ind1="1" ind2="0">
   <subfield code="a">Τεχνική προστασία περιβάλλοντος</subfield>
   <subfield code="h">[Ηλεκτρονικός πόρος] </subfield>
   <subfield code="b">Αρχές αειφορίας</subfield>
   <subfield code="c">Μουσιόπουλος, Νικόλαος ;  Ντζιαχρήστος, Λεωνίδας ;  Σλίνη, Θεοδώρα ; Κριτικός αναγνώστης,Σαμαράς, Ζήσης ; Τεχνική επιμέλεια,Κοτρίκλας, Γεώργιος.</subfield>
  </datafield>
  <datafield tag="260" ind1=" " ind2=" ">
   <subfield code="a">Αθήνα :</subfield>
   <subfield code="b">Σύνδεσμος Ελληνικών Ακαδημαϊκών Βιβλιοθηκών,</subfield>
   <subfield code="c">c2015.</subfield>
  </datafield>
  <datafield tag="490" ind1=" " ind2=" ">
   <subfield code="a">Ακαδημαϊκά Ηλεκτρονικά Συγγράμματα και Βοηθήματα Κάλλιπος</subfield>
   <subfield code="8">40</subfield>
  </datafield>
  <datafield tag="505" ind1="0" ind2=" ">
   <subfield code="a">1 Εισαγωγή: αρχές αειφορίας2 Φυσικοί πόροι και αειφορία3 Αειφορία και ανάπτυξη4 Τεχνικές αξιολόγησης αειφορίας5 Βιογεωχημικοί κύκλοι6 Ατμοσφαιρική ρύπανση7 Μείωση αέριας ρύπανσης8 Αειφορία στην παραγωγή ενέργειας9 Αειφορία στην κατανάλωση ενέργειας10 Διαχείριση απορριμμάτων11 Ανάλυση κύκλου ζωής12 Εργαλεία περιβαλλοντικής διαχείρισης13 Ολοκληρωμένη πολιτική προϊόντων14 Εκτίμηση και διαχείριση επικινδυνότητας</subfield>
  </datafield>
  <datafield tag="520" ind1=" " ind2=" ">
   <subfield code="a">Το βιβλίο απευθύνεται σε προπτυχιακούς φοιτητές που διδάσκονται θέματα Τεχνικής Προστασίας Περιβάλλοντος με έμφαση στις Αρχές Αειφορίας. Μπορεί επίσης να χρησιμοποιηθεί από μεταπτυχιακούς φοιτητές και εξειδικευμένους επιστήμονες του χώρου αλλά και άλλους αναγνώστες, εφόσον είναι εξοικειωμένοι με βασικές έννοιες της Περιβαλλοντικής Επιστήμης. Διδάσκοντες, φοιτητές και επιστήμονες περιβάλλοντος μπορούν να βρουν στο βιβλίο αυτό το απαραίτητο υλικό για την κατανόηση των ακολούθων επιμέρους ζητημάτων: Περιβαλλοντικά συστήματα, περιβαλλοντική ηθική, παγκοσμιοποίηση και βιωσιμότητα. Ρύποι και επιπτώσεις τους: ανόργανες και οργανικές ενώσεις. Όρια και περιβαλλοντικοί όροι: περιβαλλοντική νομοθεσία και IPP/IPPC, οριακές τιμές ρύπανσης, περιβαλλοντικοί όροι. Ολοκληρωμένη αποτίμηση: περιβαλλοντικοί δείκτες – αειφόρος ανάπτυξη, μεθοδολογία αποτίμησης μέτρων αντιρρύπανσης. Στοιχεία περιβαλλοντικής χημείας: βασικές έννοιες, κύκλοι άνθρακα, νερού και αζώτου, αντιδράσεις όξινης βροχής. Αέρια ρύπανση: ρύπανση της ατμόσφαιρας, πηγές ρύπανσης, φαινόμενα μεταφοράς στην ατμόσφαιρα, επακόλουθα της ατμοσφαιρικής ρύπανσης, μοντέλα ποιότητας αέρα, διεργασίες και τεχνολογίες περιορισμού αέριας ρύπανσης: Διαχείριση απορριμμάτων: παραγωγή απορριμμάτων και συνέπειές της, νομικό υπόβαθρο, στάδια διαχείρισης απορριμμάτων, διαχείριση απορριμμάτων στην Ελλάδα. Εκτίμηση και διαχείριση επικινδυνότητας: επικινδυνότητα και λήψη αποφάσεων, ποσοτικοποίηση κινδύνου, εκτίμηση επικινδυνότητας. Ολοκληρωμένη πολιτική προϊόντων: εργαλεία περιβαλλοντικής διαχείρισης, ανάλυση κύκλου ζωής, οικολογικό σήμα, συστήματα περιβαλλοντικής διαχείρισης.</subfield>
  </datafield>
  <datafield tag="650" ind1=" " ind2="0">
   <subfield code="a">Environmental engineering</subfield>
   <subfield code="8">2598</subfield>
  </datafield>
  <datafield tag="653" ind1=" " ind2=" ">
   <subfield code="a">Ολοκληρωμένη διαχείριση</subfield>
  </datafield>
  <datafield tag="653" ind1=" " ind2=" ">
   <subfield code="a">Ενέργεια</subfield>
  </datafield>
  <datafield tag="653" ind1=" " ind2=" ">
   <subfield code="a">Περιβάλλον</subfield>
  </datafield>
  <datafield tag="653" ind1=" " ind2=" ">
   <subfield code="a">Βιώσιμη ανάπτυξη</subfield>
  </datafield>
  <datafield tag="653" ind1=" " ind2=" ">
   <subfield code="a">Αειφορία</subfield>
  </datafield>
  <datafield tag="653" ind1=" " ind2=" ">
   <subfield code="a">Τεχνολογία και επιστήμες μηχανικών</subfield>
   <subfield code="a">Βιομηχανική τεχνολογία και μηχανική</subfield>
   <subfield code="a">Ποιοτικός έλεγχος/Έλεγχος διασφάλισης ποιότητας</subfield>
  </datafield>
  <datafield tag="653" ind1=" " ind2=" ">
   <subfield code="a">Τεχνολογία και επιστήμες μηχανικών</subfield>
   <subfield code="a">Τεχνολογία και μηχανική περιβάλλοντος</subfield>
   <subfield code="a">Αστικά απόβλητα</subfield>
  </datafield>
  <datafield tag="653" ind1=" " ind2=" ">
   <subfield code="a">Τεχνολογία και επιστήμες μηχανικών</subfield>
   <subfield code="a">Τεχνολογία και μηχανική περιβάλλοντος</subfield>
   <subfield code="a">Αποκατάσταση περιβάλλοντος</subfield>
  </datafield>
  <datafield tag="653" ind1=" " ind2=" ">
   <subfield code="a">Τεχνολογία και επιστήμες μηχανικών</subfield>
   <subfield code="a">Τεχνολογία και μηχανική περιβάλλοντος</subfield>
   <subfield code="a">Περιβαλλοντικά συστήματα και μοντέλα</subfield>
  </datafield>
  <datafield tag="653" ind1=" " ind2=" ">
   <subfield code="a">Τεχνολογία και επιστήμες μηχανικών</subfield>
   <subfield code="a">Τεχνολογία και μηχανική περιβάλλοντος</subfield>
   <subfield code="a">Ατμοσφαιρική ρύπανση</subfield>
  </datafield>
  <datafield tag="653" ind1=" " ind2=" ">
   <subfield code="a">Τεχνολογία και επιστήμες μηχανικών</subfield>
   <subfield code="a">Τεχνολογία και μηχανική περιβάλλοντος</subfield>
   <subfield code="a">Επεξεργασία αποβλήτων</subfield>
  </datafield>
  <datafield tag="653" ind1=" " ind2=" ">
   <subfield code="a">Τεχνολογία και επιστήμες μηχανικών</subfield>
   <subfield code="a">Τεχνολογία και μηχανική περιβάλλοντος</subfield>
   <subfield code="a">Αειφόρα ενεργειακά συστήματα</subfield>
  </datafield>
  <datafield tag="653" ind1=" " ind2=" ">
   <subfield code="a">Τεχνολογία και επιστήμες μηχανικών</subfield>
   <subfield code="a">Τεχνολογία και μηχανική περιβάλλοντος</subfield>
   <subfield code="a">Ποιότητα ατμόσφαιρας</subfield>
  </datafield>
  <datafield tag="653" ind1=" " ind2=" ">
   <subfield code="a">Χημεία/Γενική χημεία</subfield>
   <subfield code="a">Χημεία περιβάλλοντος</subfield>
  </datafield>
  <datafield tag="653" ind1=" " ind2=" ">
   <subfield code="a">Τεχνολογία και επιστήμες μηχανικών</subfield>
   <subfield code="a">Τεχνολογία και μηχανική περιβάλλοντος</subfield>
   <subfield code="a">Περιβαλλοντική μετεωρολογία</subfield>
  </datafield>
  <datafield tag="653" ind1=" " ind2=" ">
   <subfield code="a">Τεχνολογία και επιστήμες μηχανικών</subfield>
   <subfield code="a">Τεχνολογία και μηχανική περιβάλλοντος</subfield>
   <subfield code="a">Περιβαλλοντική θερμοδυναμική</subfield>
  </datafield>
  <datafield tag="653" ind1=" " ind2=" ">
   <subfield code="a">Τεχνολογία και επιστήμες μηχανικών</subfield>
   <subfield code="a">Τεχνολογία και μηχανική περιβάλλοντος</subfield>
   <subfield code="a">Διαχείριση επικίνδυνων ουσιών</subfield>
  </datafield>
  <datafield tag="653" ind1=" " ind2=" ">
   <subfield code="a">Τεχνολογία και επιστήμες μηχανικών</subfield>
   <subfield code="a">Τεχνολογία και μηχανική περιβάλλοντος</subfield>
   <subfield code="a">Τεχνολογία προστασίας περιβάλλοντος</subfield>
  </datafield>
  <datafield tag="653" ind1=" " ind2=" ">
   <subfield code="a">Τεχνολογία και επιστήμες μηχανικών</subfield>
   <subfield code="a">Τεχνολογία και μηχανική περιβάλλοντος</subfield>
   <subfield code="a">Διαχείριση υδατικών πόρων</subfield>
  </datafield>
  <datafield tag="700" ind1="1" ind2=" ">
   <subfield code="a">Ντζιαχρήστος, Λεωνίδας</subfield>
   <subfield code="e">Συγγραφέας</subfield>
   <subfield code="8">124</subfield>
  </datafield>
  <datafield tag="700" ind1="1" ind2=" ">
   <subfield code="a">Σλίνη, Θεοδώρα</subfield>
   <subfield code="e">Συγγραφέας</subfield>
   <subfield code="8">125</subfield>
  </datafield>
  <datafield tag="700" ind1="1" ind2=" ">
   <subfield code="a">Σαμαράς, Ζήσης</subfield>
   <subfield code="e">Κριτικός αναγνώστης</subfield>
   <subfield code="8">119</subfield>
  </datafield>
  <datafield tag="856" ind1="4" ind2="0">
   <subfield code="u">http://hdl.handle.net/11419/1009</subfield>
   <subfield code="z">Πλήρες Κείμενο - Full text</subfield>
  </datafield>
  <datafield tag="907" ind1=" " ind2=" ">
   <subfield code="a">.b25678000</subfield>
   <subfield code="b">12-06-18</subfield>
   <subfield code="c">29-07-16</subfield>
  </datafield>
  <datafield tag="949" ind1=" " ind2=" ">
   <subfield code="0">0</subfield>
   <subfield code="1">0</subfield>
   <subfield code="2">ddc</subfield>
   <subfield code="4">0</subfield>
   <subfield code="6">628_000000000000000_ΜΟΥ</subfield>
   <subfield code="7">0</subfield>
   <subfield code="8">KALL</subfield>
   <subfield code="8">559</subfield>
   <subfield code="d">2016-04-13</subfield>
   <subfield code="r">2016-04-13</subfield>
   <subfield code="w">2016-04-13</subfield>
   <subfield code="z">628 ΜΟΥ</subfield>
   <subfield code="o">SEAB KALLIPOS</subfield>
  </datafield>
  <datafield tag="998" ind1=" " ind2=" ">
   <subfield code="a">80</subfield>
   <subfield code="a">01</subfield>
   <subfield code="a">02</subfield>
   <subfield code="a">03</subfield>
   <subfield code="a">04</subfield>
   <subfield code="a">05</subfield>
   <subfield code="a">06</subfield>
   <subfield code="a">07</subfield>
   <subfield code="a">08</subfield>
   <subfield code="a">09</subfield>
   <subfield code="a">10</subfield>
   <subfield code="a">11</subfield>
   <subfield code="a">12</subfield>
   <subfield code="a">13</subfield>
   <subfield code="a">14</subfield>
   <subfield code="a">15</subfield>
   <subfield code="a">16</subfield>
   <subfield code="a">17</subfield>
   <subfield code="a">18</subfield>
   <subfield code="a">19</subfield>
   <subfield code="a">20</subfield>
   <subfield code="a">21</subfield>
   <subfield code="a">22</subfield>
   <subfield code="a">23</subfield>
   <subfield code="a">24</subfield>
   <subfield code="a">25</subfield>
   <subfield code="a">26</subfield>
   <subfield code="b">11-05-17</subfield>
   <subfield code="c">m</subfield>
   <subfield code="d">z  </subfield>
   <subfield code="e">-</subfield>
   <subfield code="f">gre</subfield>
   <subfield code="g">gr </subfield>
   <subfield code="h">0</subfield>
  </datafield>
  <datafield tag="942" ind1=" " ind2=" ">
   <subfield code="2">ddc</subfield>
   <subfield code="c">KALLIPOS</subfield>
  </datafield>
 </record>
</collection>
